00555pam a2200157 a 4500020000500000041000500005082002800010100001200038245005200050260005600102300000800158700001300166930000900179999001900188952019000207 c h a658.39999999999998bWIN aWing, Y aPower Of Impossible ThinkinghTextual Documents aNew DelhibPearson Education [Addison Wesley]c2004 a274 aCrook, C a8040 c114867d114867 001040708GeneralaAKSbAKScAKS-MBA-Ref-Rack-6d2005-11-08eMahaveer General Storeg499.00l1o658.39999999999998 WINpAKS-M-06374r2026-02-17 00:00:00s2026-02-11t1w2023-03-01yBK